000 00502nam a2200181Ia 4500
003 LK-CoDNM
008 010623t1978 xxu||||| |||| 00| 1 eng d
040 _aLK-CoDNM
_dLK-CoDNM
_eLK-CoDNM
041 _aeng
080 _a(X)659.3:06 GOO
100 _aDevasirvadham,Samuel
245 _aMass Communication In Sri Lanka
260 _bAsian Mass Communication Research
_aSingapore
_c1978
300 _b77p.;21.5 cm cm
700 _aGoonetileke,H.A.I
700 _aSenadeera,Ariyaratne
942 _cBK
999 _c110418
_d110418